<?xml version="1.0" encoding="UTF-8"?><collection xmlns="info:lc/xmlns/marcxchange-v2"><record format="Unimarc" type="bibliographic"><leader>00645cam  2200217   450 </leader><controlfield tag="001">1928159</controlfield><controlfield tag="003">http://id.bnportugal.gov.pt/bib/porbase/1928159</controlfield><controlfield tag="005">20030522050600.0</controlfield><datafield ind1=" " ind2=" " tag="010"><subfield code="a">0-201-54412-1</subfield></datafield><datafield ind1=" " ind2=" " tag="035"><subfield code="5">49590</subfield></datafield><datafield ind1=" " ind2=" " tag="095"><subfield code="a">PTBN00754497</subfield></datafield><datafield ind1=" " ind2=" " tag="100"><subfield code="a">19930304d1992    m  y0pory0103    ba</subfield></datafield><datafield ind1="0" ind2=" " tag="101"><subfield code="a">eng</subfield></datafield><datafield ind1=" " ind2=" " tag="102"><subfield code="a">US</subfield></datafield><datafield ind1="1" ind2=" " tag="200"><subfield code="a">Advanced animation and rendering technique</subfield><subfield code="e">theory and pratice</subfield><subfield code="f">Alan Watt, Mark Watt</subfield></datafield><datafield ind1=" " ind2=" " tag="210"><subfield code="a">New York</subfield><subfield code="a">Wokingham</subfield><subfield code="c">ACM Press</subfield><subfield code="c">Addison-Wesley</subfield><subfield code="d">1992</subfield></datafield><datafield ind1=" " ind2=" " tag="215"><subfield code="a">XIV, 455 p.</subfield><subfield code="d">25 cm</subfield></datafield><datafield ind1=" " ind2=" " tag="675"><subfield code="a">519.68</subfield><subfield code="v">BN</subfield><subfield code="z">por</subfield><subfield code="3">292039</subfield></datafield><datafield ind1=" " ind2="1" tag="700"><subfield code="a">WATT</subfield><subfield code="b">Alan</subfield><subfield code="3">1393113</subfield></datafield><datafield ind1=" " ind2="1" tag="701"><subfield code="a">WATT</subfield><subfield code="b">Mark</subfield><subfield code="4">070</subfield><subfield code="3">1398627</subfield></datafield><datafield ind1=" " ind2="0" tag="801"><subfield code="a">PT</subfield><subfield code="b">BN</subfield><subfield code="g">RPC</subfield></datafield><datafield ind1=" " ind2=" " tag="977"><subfield code="1">ICC.CG 374</subfield><subfield code="2">coop</subfield><subfield code="4">ESTSM</subfield><subfield code="6">mq880540</subfield><subfield code="7">bc</subfield><subfield code="8">coop</subfield><subfield code="9">ESTSM</subfield><subfield code="b">374</subfield><subfield code="k">0</subfield></datafield><datafield ind1=" " ind2=" " tag="998"><subfield code="a">TMS1-333</subfield></datafield></record></collection>